Statistiche per Riconosci il Calciatore - Quiz n°1252

Clicka qui per fare il quiz!

Statistiche generali

  • Questo quiz è stato fatto 14 volte
  • Il punteggio medio è 16 su 22

Statistiche sulle risposte

IndizioRisposta% Corretto
NazionalitàItalia
100%
Squadra di club 9Monza 2024-
100%
Squadra di club 8Napoli 2022-2024
100%
RuoloAttaccante
92%
Data di nascita03/03/1999
83%
Squadra di club 7Frosinone 2021-2022
83%
Gol in nazionale0
67%
Trofei per nazionali0
67%
Altezza182 cm
67%
Gol nei club28
67%
Peso80 kg
67%
Squadra di club 6Pro Vercelli 2020-2021
67%
Squadra di club 1Suno 2015-2015
67%
Squadra di club 4Viterbese Castrense 2018-2019
67%
Trofei individuali0
58%
Presenze in nazionale1
58%
Presenze nei club166
58%
CalciatoreAlessio Zerbin
58%
Squadra di club 5Cesena 2019-2020
58%
Trofei per clubCoppa Italia Serie C: 1
Viterbese Castrense: 2018-2019
Campionato italiano: 1
Napoli: 2022-2023
58%
Squadra di club 2Gozzano 2015-2017
58%
Squadra di club 3Napoli 2017-2018
58%

Distribuzione punteggi

Percentile per numero di risposta

Percentuale di utenti per punteggio

I tuoi punteggi nel tempo

Non hai fatto questo quiz